Engineering Circuit Analysis (Record no. 132623)

000 -LEADER
fixed length control field 00380nam a2200133Ia 4500
008 - FIXED-LENGTH DATA ELEMENTS--GENERAL INFORMATION
fixed length control field 220120s9999||||xx |||||||||||||| ||und||
082 ## - DEWEY DECIMAL CLASSIFICATION NUMBER
Classification number 621.381 5 HAY
100 ## - MAIN ENTRY--PERSONAL NAME
Personal name Hayt, William H and et. al.
245 #0 - TITLE STATEMENT
Title Engineering Circuit Analysis
250 ## - EDITION STATEMENT
Edition statement 7th
260 ## - PUBLICATION, DISTRIBUTION, ETC.
Place of publication, distribution, etc. Tata mc graw hill ltd.
Name of publisher, distributor, etc. New Delhi
Date of publication, distribution, etc. 2011
300 ## - PHYSICAL DESCRIPTION
Extent XI,476p.
Other physical details 0
650 ## - SUBJECT ADDED ENTRY--TOPICAL TERM
Topical term or geographic name entry element ELECTRONICS AND COMMUNICATIONS
Holdings
Withdrawn status Lost status Damaged status Not for loan Collection code Home library Current library Date acquired Barcode Date last seen Price effective from Koha item type
        Electronics and Communication Engineering Central Library Central Library 01/20/2022 ST279 01/20/2022 01/20/2022 Scheduled Tribe Book Bank

Powered by Koha